[Event "Stay Safe Play From Home 231"]
[Site "Emanuel Lasker Arena"]
[Date "2020.06.16"]
[Round "7"]
[White "Indianquant"]
[Black "Don59as"]
[Result "1/2-1/2"]
[WhiteElo "2347"]
[BlackElo "2002"]
[Annotator "NA"]
[PlyCount "100"]
[EventDate "2020.06.16"]
[EventType "swiss (blitz)"]

1. Nf3 {[%emt 0:00:09]} g6 {[%emt 0:00:03]} 2. c4 {[%emt 0:00:05]} Bg7 {[%emt 0:00:01]} 3. e4 {[%emt 0:00:02]} c5 {[%emt 0:00:01]} 4. d4 {[%emt 0:00:01]} cxd4 {[%emt 0:00:01]} 5. Nxd4 {[%emt 0:00:00]} Nc6 {[%emt 0:00:01]} 6. Be3 {[%emt 0:00:00]} Nf6 {[%emt 0:00:03]} 7. Nc3 {[%emt 0:00:01]} O-O {[%emt 0:00:02]} 8. Be2 {[%emt 0:00:00]} d6 {[%emt 0:00:04]} 9. O-O {[%emt 0:00:01]} Bd7 {[%emt 0:00:01]} 10. Qd2 {[%emt 0:00:01]} Nxd4 {[%emt 0:00:01]} 11. Bxd4 {[%emt 0:00:00]} Bc6 {[%emt 0:00:00]} 12. Bd3 {[%emt 0:00:01]} Qc8 {[%emt 0:00:12]} 13. f3 {[%emt 0:00:28]} b6 {[%emt 0:00:10]} 14. Rac1 {[%emt 0:00:02]} Qb7 {[%emt 0:00:01]} 15. b4 {[%emt 0:00:01]} a6 {[%emt 0:00:07]} 16. a4 {[%emt 0:00:08]} Rfd8 {[%emt 0:00:15]} 17. Rfd1 {[%emt 0:00:02]} Be8 {[%emt 0:00:21]} 18. Bf1 {[%emt 0:00:03]} e5 {[%emt 0:00:07]} 19. Be3 {[%emt 0:00:02]} Nh5 {[%emt 0:00:08]} 20. b5 {[%emt 0:00:22]} a5 {[%emt 0:00:15]} 21. Nd5 {[%emt 0:00:01]} Nf4 {[%emt 0:00:13]} 22. Nxb6 {[%emt 0:00:07]} Rab8 {[%emt 0:00:02]} 23. g3 {[%emt 0:00:10]} Ne6 {[%emt 0:00:01]} 24. Qxa5 {[%emt 0:00:25]} Nd4 {[%emt 0:00:02]} 25. Bxd4 {[%emt 0:00:00]} exd4 {[%emt 0:00:00]} 26. Nd5 {[%emt 0:00:00]} Ra8 {[%emt 0:00:07]} 27. Qb4 {[%emt 0:00:01]} Bd7 {[%emt 0:00:08]} 28. Bd3 {[%emt 0:00:04]} Be6 {[%emt 0:00:01]} 29. a5 {[%emt 0:00:05]} Bxd5 {[%emt 0:00:07]} 30. cxd5 {[%emt 0:00:03]} Bh6 {[%emt 0:00:15]} 31. Rc6 {[%emt 0:00:01]} Be3+ {[%emt 0:00:01]} 32. Kg2 {[%emt 0:00:00]} Qe7 {[%emt 0:00:05]} 33. b6 {[%emt 0:00:06]} h5 {[%emt 0:00:02]} 34. b7 {[%emt 0:00:10]} Rab8 {[%emt 0:00:06]} 35. a6 {[%emt 0:00:01]} h4 {[%emt 0:00:04]} 36. Rb1 {[%emt 0:00:04]} hxg3 {[%emt 0:00:03]} 37. hxg3 {[%emt 0:00:01]} Qg5 {[%emt 0:00:02]} 38. Qe1 {[%emt 0:00:06]} Kg7 {[%emt 0:00:22]} 39. a7 {[%emt 0:00:09]} Rxb7 {[%emt 0:00:03]} 40. Rxb7 {[%emt 0:00:00]} Rh8 {[%emt 0:00:02]} 41. Rb8 {[%emt 0:00:30]} Bd2 {[%emt 0:00:22]} 42. Qf2 {[%emt 0:00:30]} Be3 {[%emt 0:00:01]} 43. Qe2 {[%emt 0:00:12]} Rh1 {[%emt 0:00:01]} 44. Kxh1 {[%emt 0:00:06]} Qxg3 {[%emt 0:00:01]} 45. Qg2 {[%emt 0:00:05]} Qe1+ {[%emt 0:00:01]} 46. Kh2 {[%emt 0:00:01]} Qh4+ {[%emt 0:00:01]} 47. Qh3 {[%emt 0:00:01]} Qf2+ {[%emt 0:00:01]} 48. Qg2 {[%emt 0:00:01]} Qh4+ {[%emt 0:00:01]} 49. Qh3 {[%emt 0:00:01]} Qf2+ {[%emt 0:00:02]} 50. Qg2 {[%emt 0:00:00]} Qh4+ {[%emt 0:00:01] (Lag: Av=0.86s, max=1.4s)} 1/2-1/2

[Event "Stay Safe Play From Home 231"]
[Site "Emanuel Lasker Arena"]
[Date "2020.06.16"]
[Round "7"]
[White "Weltszmerc"]
[Black "Lucknow"]
[Result "1-0"]
[WhiteElo "2123"]
[BlackElo "1873"]
[Annotator "TA"]
[PlyCount "33"]
[EventDate "2020.06.16"]
[EventType "swiss (blitz)"]

{[%evp 14,33,9,18,41,24,32,23,25,22,63,61,88,16,47,43,62,59,300,286,277,274]} 1. d4 d5 2. c4 c6 3. Nf3 Nf6 4. g3 g6 5. Bg2 Bg7 6. O-O O-O 7. Ne5 dxc4 8. Nxc4 Nbd7 {D78: Fianchetto Grünfeld: 6 0-0 c6.} 9. e4 {[#]} Nb6 $146 ({Predecessor:} 9... b5 10. Ne3 e6 11. Qc2 Bb7 12. Nc3 Nb6 13. Rd1 b4 14. Ne2 Rc8 15. Qc5 Qc7 16. Nc2 {1-0 (35) Buhin,D (1885)-Kukovec,S (1912) Bjelovar 2008}) 10. Na5 Nh5 {White has an edge.} 11. Be3 Rb8 12. Nc3 e5 13. d5 (13. dxe5 $16 {And now f4 would win.} Bxe5 14. f4) 13... cxd5 14. Nxd5 Nxd5 15. Qxd5 b6 $2 {[#]} ({Better is} 15... Be6 $14 16. Qxd8 Rfxd8) 16. Qxd8 $18 Rxd8 17. Nc6 $1 {[%csl LRa7,LRb8,LRd8][%mdl 64] Double Attack. Accuracy: White = 79%, Black = 39%.} 1-0

[Event "Stay Safe Play From Home 231"]
[Site "Emanuel Lasker Arena"]
[Date "2020.06.16"]
[Round "7"]
[White "Dukic"]
[Black "Timbre"]
[Result "1-0"]
[WhiteElo "2045"]
[BlackElo "1701"]
[Annotator "TA"]
[PlyCount "71"]
[EventDate "2020.06.16"]
[EventType "swiss (blitz)"]

{[%evp 10,71,14,8,49,35,64,58,70,70,84,76,167,185,182,117,153,155,169,165,188,132,153,137,150,118,122,112,162,49,37,37,48,-64,38,28,164,181,226,238,443,443,439,362,452,446,433,432,431,209,461,453,462,453,507,447,447,416,972,970,1014,1014,1014,1013]} 1. c4 c6 2. Nc3 d5 3. cxd5 cxd5 4. d4 Nf6 5. Nf3 a6 6. Bf4 Bg4 {D15: Slav Defence: 4 Nc3 a6 and gambit lines after 4 Nc3 dxc4.} 7. Ne5 Bc8 8. e3 Nbd7 {White is slightly better.} 9. Be2 Nxe5 10. dxe5 Nd7 (10... Ne4 $16 {was necessary.}) 11. Qxd5 e6 12. Qd3 (12. Qf3 $18) 12... Be7 13. O-O O-O 14. Rfd1 Qc7 15. Qe4 (15. Rac1 $18) 15... Nc5 16. Qc2 Bd7 17. Rac1 {Ne4 is the strong threat.} Bc6 18. b4 Nd7 {[#]} 19. b5 (19. Qb1 $1 $18) 19... axb5 $14 20. Nxb5 Qb6 21. Nd6 (21. Qd2 $14) 21... Bxd6 (21... Ba4 $15 22. Qd2 Bxd1 23. Rxd1 Rfd8) 22. Rxd6 ({Of course not} 22. exd6 Ba4 $11) 22... Rac8 {Black cannot hold the game after this.} (22... Qa5 $11) 23. Qd2 $36 {[%mdl 2048] Black is under strong pressure.} Nc5 {and if ...Ne4 works, Black does fine.} 24. Qd4 Qa5 $2 (24... Na4 25. Rcxc6 Qxd4 26. Rxd4 Rxc6) 25. Qxc5 Qxa2 26. Bf1 Qb2 27. Qc2 Qa3 28. Qb1 h6 29. h4 (29. Rcd1 $142) 29... Bd5 $2 (29... Be4) 30. Rxc8 Rxc8 31. Qd3 Qc1 32. Kh2 Rf8 33. g3 {aiming for e4.} b5 (33... Qe1 $142 34. Qe2 Qb1) 34. e4 {[%mdl 64] [#] Discovered Attack. White is clearly winning.} Bc4 35. Bxc1 Bxd3 36. Bxd3 {Accuracy: White = 59%, Black = 36%.} 1-0

[Event "Stay Safe Play From Home 231"]
[Site "Emanuel Lasker Arena"]
[Date "2020.06.16"]
[Round "7"]
[White "Haris kollari 13"]
[Black "Lazieri3"]
[Result "1/2-1/2"]
[WhiteElo "1998"]
[BlackElo "2073"]
[Annotator "NA"]
[PlyCount "124"]
[EventDate "2020.06.16"]
[EventType "swiss (blitz)"]

1. e4 {[%emt 0:00:01]} c6 {[%emt 0:00:00]} 2. f4 {[%emt 0:00:09]} d5 {[%emt 0:00:00]} 3. e5 {[%emt 0:00:01]} Bf5 {[%emt 0:00:09]} 4. Nf3 {[%emt 0:00:01]} e6 {[%emt 0:00:01]} 5. d4 {[%emt 0:00:02]} c5 {[%emt 0:00:02]} 6. c3 {[%emt 0:00:01]} Nc6 {[%emt 0:00:01]} 7. Bd3 {[%emt 0:00:05]} Bxd3 {[%emt 0:00:02]} 8. Qxd3 {[%emt 0:00:01]} cxd4 {[%emt 0:00:01]} 9. cxd4 {[%emt 0:00:01]} Bb4+ {[%emt 0:00:01]} 10. Nc3 {[%emt 0:00:01]} Nge7 {[%emt 0:00:02]} 11. Be3 {[%emt 0:00:01]} h5 {[%emt 0:00:01]} 12. O-O {[%emt 0:00:02]} Nf5 {[%emt 0:00:01]} 13. Bf2 {[%emt 0:00:01]} Be7 {[%emt 0:00:05]} 14. a3 {[%emt 0:00:01]} Nh4 {[%emt 0:00:02]} 15. Bxh4 {[%emt 0:00:16]} Bxh4 {[%emt 0:00:00]} 16. b4 {[%emt 0:00:04]} a6 {[%emt 0:00:01]} 17. Rab1 {[%emt 0:00:07]} Be7 {[%emt 0:00:03]} 18. b5 {[%emt 0:00:01]} axb5 {[%emt 0:00:01]} 19. Nxb5 {[%emt 0:00:01]} O-O {[%emt 0:00:09]} 20. f5 {[%emt 0:00:01]} exf5 {[%emt 0:00:12]} 21. Qxf5 {[%emt 0:00:02]} g6 {[%emt 0:00:03]} 22. Qd3 {[%emt 0:00:06]} Qd7 {[%emt 0:00:02]} 23. Rfc1 {[%emt 0:00:09]} Rfc8 {[%emt 0:00:12]} 24. Rc3 {[%emt 0:00:02]} Na5 {[%emt 0:00:08]} 25. Rbc1 {[%emt 0:00:13]} Nc4 {[%emt 0:00:06]} 26. Nd6 {[%emt 0:00:09]} Nxd6 {[%emt 0:00:26]} 27. exd6 {[%emt 0:00:05]} Bxd6 {[%emt 0:00:00]} 28. Qc2 {[%emt 0:00:18]} Rxc3 {[%emt 0:00:06]} 29. Qxc3 {[%emt 0:00:01]} Rxa3 {[%emt 0:00:05]} 30. Qb2 {[%emt 0:00:07]} Qg4 {[%emt 0:00:43]} 31. Rf1 {[%emt 0:00:14]} h4 {[%emt 0:01:10]} 32. Ne5 {[%emt 0:00:05]} Qe4 {[%emt 0:00:07]} 33. Nxf7 {[%emt 0:00:09]} Qe3+ {[%emt 0:00:01]} 34. Kh1 {[%emt 0:00:02]} Rd3 {[%emt 0:00:02]} 35. Nxd6 {[%emt 0:00:03]} Qxd4 {[%emt 0:00:01]} 36. Qxd4 {[%emt 0:00:02]} Rxd4 {[%emt 0:00:00]} 37. Nxb7 {[%emt 0:00:01]} Rd2 {[%emt 0:00:02]} 38. h3 {[%emt 0:00:02]} Kg7 {[%emt 0:00:02]} 39. Nc5 {[%emt 0:00:03]} d4 {[%emt 0:00:02]} 40. Kg1 {[%emt 0:00:01]} Kh6 {[%emt 0:00:04]} 41. Ne4 {[%emt 0:00:04]} Re2 {[%emt 0:00:02]} 42. Nf2 {[%emt 0:00:02]} Rd2 {[%emt 0:00:02]} 43. Rd1 {[%emt 0:00:01]} Ra2 {[%emt 0:00:02]} 44. Rxd4 {[%emt 0:00:02]} g5 {[%emt 0:00:02]} 45. Ng4+ {[%emt 0:00:02]} Kh5 {[%emt 0:00:00]} 46. Kh2 {[%emt 0:00:05]} Ra1 {[%emt 0:00:03]} 47. Rd8 {[%emt 0:00:07]} Ra2 {[%emt 0:00:04]} 48. Rh8+ {[%emt 0:00:04]} Kg6 {[%emt 0:00:01]} 49. Rf8 {[%emt 0:00:05]} Kh5 {[%emt 0:00:03]} 50. Nf6+ {[%emt 0:00:02]} Kg6 {[%emt 0:00:01]} 51. Ne4 {[%emt 0:00:01]} Ra5 {[%emt 0:00:03]} 52. Nf2 {[%emt 0:00:04]} Kh5 {[%emt 0:00:05]} 53. Ng4 {[%emt 0:00:02]} Ra2 {[%emt 0:00:01]} 54. Rf2 {[%emt 0:00:01]} Ra1 {[%emt 0:00:02]} 55. Rb2 {[%emt 0:00:03]} Rc1 {[%emt 0:00:04]} 56. Nf2 {[%emt 0:00:03]} Ra1 {[%emt 0:00:02]} 57. Rb6 {[%emt 0:00:01]} Ra2 {[%emt 0:00:03]} 58. Ng4 {[%emt 0:00:01]} Rxg2+ {[%emt 0:00:01]} 59. Kh1 {[%emt 0:00:01]} Rg1+ {[%emt 0:00:00]} 60. Kh2 {[%emt 0:00:05]} Rg2+ {[%emt 0:00:00] Lazieri3 offers a draw} 61. Kh1 {[%emt 0:00:02]} Rg1+ {[%emt 0:00:00]} 62. Kh2 {[%emt 0:00:01]} Rg2+ {[%emt 0:00:00] (Lag: Av=0.69s, max=1.2s)} 1/2-1/2

[Event "Stay Safe Play From Home 231"]
[Site "Emanuel Lasker Arena"]
[Date "2020.06.16"]
[Round "7"]
[White "Haxhi Baha"]
[Black "Klasman"]
[Result "1-0"]
[WhiteElo "1986"]
[BlackElo "1665"]
[Annotator "TA"]
[PlyCount "43"]
[EventDate "2020.06.16"]
[EventType "swiss (blitz)"]

{[%evp 1,1,20]} 1. e4 {Not much happened in this game.} {Predecessor:} e5 2. Nf3 Nf6 3. Nxe5 d6 4. Nf3 Nxe4 5. Nc3 Nxc3 6. dxc3 {C42: Petroff Defence: 3 Nxe5 and unusual White 3rd moves.} Be7 7. Be3 O-O 8. Qd2 Nd7 9. O-O-O c6 10. h4 d5 11. Bd3 Re8 12. Rde1 Nf6 13. Ng5 c5 14. c4 h6 15. cxd5 c4 16. Bxc4 hxg5 17. hxg5 Ne4 18. Qd1 Bxg5 19. Qh5 Bxe3+ 20. Rxe3 f5 21. d6+ Be6 22. Qh7+ {1-0 (22) Carlsen,M (2863)-Aronian,L (2773) chess24.com INT 2020} 1-0

[Event "Stay Safe Play From Home 231"]
[Site "Emanuel Lasker Arena"]
[Date "2020.06.16"]
[Round "7"]
[White "Bishop91"]
[Black "Fortesfortunaadiuvat"]
[Result "1-0"]
[WhiteElo "1808"]
[BlackElo "1396"]
[Annotator "NA"]
[PlyCount "33"]
[EventDate "2020.06.16"]
[EventType "swiss (blitz)"]

1. e3 {[%emt 0:00:03]} e5 {[%emt 0:00:02]} 2. d4 {[%emt 0:00:02]} exd4 {[%emt 0:00:02]} 3. exd4 {[%emt 0:00:00]} Nf6 {[%emt 0:00:02]} 4. Bc4 {[%emt 0:00:01]} d6 {[%emt 0:00:01]} 5. Nf3 {[%emt 0:00:00]} Be6 {[%emt 0:00:01]} 6. Bb3 {[%emt 0:00:05]} g6 {[%emt 0:00:04]} 7. O-O {[%emt 0:00:04]} Bg7 {[%emt 0:00:01]} 8. Bxe6 {[%emt 0:00:02]} fxe6 {[%emt 0:00:02]} 9. Re1 {[%emt 0:00:00]} Qd7 {[%emt 0:00:08]} 10. Ng5 {[%emt 0:00:09]} O-O {[%emt 0:00:15]} 11. Nxe6 {[%emt 0:00:03]} Re8 {[%emt 0:00:10]} 12. Nxg7 {[%emt 0:00:06]} Rxe1+ {[%emt 0:00:03]} 13. Qxe1 {[%emt 0:00:00]} Qxg7 {[%emt 0:00:01]} 14. Qe6+ {[%emt 0:00:05]} Kh8 {[%emt 0:00:09]} 15. Qc8+ {[%emt 0:00:04]} Ng8 {[%emt 0:00:07]} 16. Be3 {[%emt 0:00:08]} Qe7 {[%emt 0:00:13]} 17. Qxb7 {[%emt 0:00:08] Fortesfortunaadiuvat gibt auf (Lag: Av=0.31s, max=0.7s)} 1-0

[Event "Stay Safe Play From Home 231"]
[Site "Emanuel Lasker Arena"]
[Date "2020.06.16"]
[Round "7"]
[White "Shyamph1980"]
[Black "Galatasaray01"]
[Result "1-0"]
[WhiteElo "1664"]
[BlackElo "1222"]
[Annotator "NA"]
[PlyCount "61"]
[EventDate "2020.06.16"]
[EventType "swiss (blitz)"]

1. e4 {[%emt 0:00:02]} e5 {[%emt 0:00:01]} 2. Nf3 {[%emt 0:00:01]} Nc6 {[%emt 0:00:02]} 3. Bc4 {[%emt 0:00:01]} h6 {[%emt 0:00:02]} 4. O-O {[%emt 0:00:02]} Nf6 {[%emt 0:00:03]} 5. Nc3 {[%emt 0:00:02]} Bb4 {[%emt 0:00:02]} 6. d3 {[%emt 0:00:01]} O-O {[%emt 0:00:06]} 7. Nd5 {[%emt 0:00:01]} Nxd5 {[%emt 0:00:02]} 8. exd5 {[%emt 0:00:02]} Nd4 {[%emt 0:00:02]} 9. Nxe5 {[%emt 0:00:04]} Bd6 {[%emt 0:00:15]} 10. f4 {[%emt 0:00:06]} Qh4 {[%emt 0:00:05]} 11. c3 {[%emt 0:00:23]} Nf5 {[%emt 0:00:04]} 12. Nf3 {[%emt 0:00:10]} Qf6 {[%emt 0:00:05]} 13. Bb3 {[%emt 0:00:12]} Bc5+ {[%emt 0:00:09]} 14. d4 {[%emt 0:00:04]} Bd6 {[%emt 0:00:04]} 15. c4 {[%emt 0:00:06]} b6 {[%emt 0:00:02]} 16. Bc2 {[%emt 0:00:04]} Nh4 {[%emt 0:00:15]} 17. Nxh4 {[%emt 0:00:15]} Qxh4 {[%emt 0:00:06]} 18. Qd3 {[%emt 0:00:01]} g6 {[%emt 0:00:05]} 19. Be3 {[%emt 0:00:04]} Bb7 {[%emt 0:00:06]} 20. Bf2 {[%emt 0:00:09]} Qxf4 {[%emt 0:00:03]} 21. Bg3 {[%emt 0:00:06]} Qg5 {[%emt 0:00:13]} 22. Bxd6 {[%emt 0:00:07]} cxd6 {[%emt 0:00:01]} 23. Rae1 {[%emt 0:00:01]} b5 {[%emt 0:00:03]} 24. b3 {[%emt 0:00:04]} bxc4 {[%emt 0:00:03]} 25. bxc4 {[%emt 0:00:03]} Rae8 {[%emt 0:00:02]} 26. Ba4 {[%emt 0:00:05]} Rxe1 {[%emt 0:00:04]} 27. Rxe1 {[%emt 0:00:03]} Rd8 {[%emt 0:00:13]} 28. Qe3 {[%emt 0:00:04]} Qf5 {[%emt 0:00:03]} 29. Qe7 {[%emt 0:00:23]} Rc8 {[%emt 0:00:05]} 30. Bxd7 {[%emt 0:00:04]} Rxc4 {[%emt 0:00:03]} 31. Bxf5 {[%emt 0:00:03] Galatasaray01 terk eder (Lag: Av=0.79s, max=1.0s)} 1-0